Song Title to Artist Click Quiz - Hip-Hop - Statistics

General Stats
  • This quiz has been taken 640 times
  • The average score is 15 of 20
Answer Stats
Hint Answer % Correct
The Real Slim Shady Eminem
99%
In Da Club 50 Cent
92%
Ms. Jackson Outkast
88%
California Love 2Pac
85%
HUMBLE. Kendrick Lamar
84%
Big Poppa The Notorious B.I.G.
83%
Starships Nicki Minaj
82%
Empire State of Mind Jay-Z
81%
Drop It Like It's Hot Snoop Dogg
80%
Sicko Mode Travis Scott
79%
Heartless Kanye West
78%
WAP Cardi B
77%
Straight Outta Compton N.W.A.
76%
rockstar Post Malone
76%
EARFQUAKE Tyler, The Creator
71%
Praise The Lord A$AP Rocky
65%
A Milli Lil Wayne
65%
Nuthin' But a "G" Thang Dr. Dre
60%
C.R.E.A.M. Wu-Tang Clan
59%
N.Y. State of Mind Nas
58%
No matching quizzes found
Score Distribution
Percent of People with Each Score
Percentile by Number Answered
Your Score History
You have not taken this quiz